| 000 | 00652nam a22001817a 4500 | ||
|---|---|---|---|
| 020 | _qHard Cover. | ||
| 082 | _a621.3 | ||
| 100 | _aHaroon, Anum Malik ; Mustafa, Akbar and Syed Farhan, Ahmed | ||
| 245 |
_aRemote Terminal Unit / _cAnum Haroon Malik ; Mustafa Akbar ; Syed Farhan Ahmed. |
||
| 260 |
_aIslamabad : _bSEECS - NUST, _c2019. |
||
| 300 |
_a50 p. : ill. ; _c30cm. |
||
| 563 | _aHB | ||
| 650 | _aElectrical (Electronics) Engineering-Project Report. | ||
| 700 |
_aDr. Ifitkhar Rana. _930972 |
||
| 856 | _uhttp://10.250.8.41:8080/xmlui/handle/123456789/29360 | ||
| 942 |
_2ddc _cPR |
||
| 999 |
_c536057 _d536057 |
||